| 000 | 01036nam a2200265 a 4500 | ||
|---|---|---|---|
| 001 | 73173 | ||
| 003 | BD-RjUL | ||
| 005 | 20211209082346.0 | ||
| 008 | 170528s1963 njua b 001 0 eng | ||
| 035 | _a(BD-RjUL)73391 | ||
| 040 |
_aDLC/ICU _cICU _dBD-RjUL _beng |
||
| 041 | _aeng | ||
| 082 | 0 | 0 |
_a621.55 _223 _bROU 1963 |
| 100 | 1 |
_aRoberts, Richard W. _9216448 |
|
| 245 | 1 | 0 |
_aUltrahigh vacuum and its applications / _cRichard W. Roberts [and] Thomas A. Vanderslice. |
| 260 |
_aEnglewood Cliffs, N.J. : _bPrentice-Hall, _cc1963 |
||
| 300 |
_axix, 199 p. : _bill. ; _c24 cm. |
||
| 490 | 1 | _aPrentice-Hall international series in electrical engineering. Series in solid state physical electronics | |
| 504 | _aIncludes bibliographies. | ||
| 650 | 0 |
_aVacuum technology. _9216450 |
|
| 700 | 1 |
_aVanderslice, Thomas A. _q(Thomas Aquinas), _d1932- _ejoint author. _9216451 |
|
| 830 | 0 |
_aPrentice-Hall international series in electrical engineering. _9212670 |
|
| 830 | 0 |
_aSeries in solid state physical electronics. _9158921 |
|
| 942 |
_2ddc _cBK |
||
| 999 |
_c73173 _d73173 |
||